Nociones de Parasitología / (Record no. 37091)

MARC details
000 -LEADER
campo de control de longitud fija 00572nam a2200181 i 4500
001 - NÚMERO DE CONTROL
campo de control 37091
003 - IDENTIFICADOR DE NÚMERO DE CONTROL
campo de control ES-MaACL
005 - FECHA Y HORA DE LA ÚLTIMA TRANSACCIÓN
campo de control 20230906155513.0
007 - CAMPO FIJO DE DESCRIPCIÓN FÍSICA--INFORMACIÓN GENERAL
campo de control de longitud fija t|
008 - DATOS DE LONGITUD FIJA--INFORMACIÓN GENERAL
campo de control de longitud fija 030220q19101919sp ||||1| spa d
100 1# - ENTRADA PRINCIPAL--NOMBRE DE PERSONA
Nombre de persona Brumpt, E.
9 (RLIN) 32133
245 10 - MENCIÓN DEL TÍTULO
Título Nociones de Parasitología /
Mención de responsabilidad, etc. por E. Brumpt ; prefacio de R. Blanchard ; traducido por Angel Avilés Rodríguez.
260 ## - PUBLICACIÓN, DISTRIBUCIÓN, ETC.
Lugar de publicación, distribución, etc. Madrid :
Nombre del editor, distribuidor, etc. [s.n.,
Fecha de publicación, distribución, etc. 191-?] (
Fabricante Imp. La Editora)
300 ## - DESCRIPCIÓN FÍSICA
Extensión 791 p. ;
Dimensiones 25 cm.
700 1# - ENTRADA AGREGADA--NOMBRE PERSONAL
Nombre de persona Blanchard, R.
9 (RLIN) 29144
700 1# - ENTRADA AGREGADA--NOMBRE PERSONAL
Nombre de persona Avilés Rodríguez, Angel.
9 (RLIN) 24078
852 ## - LOCALIZACIÓN
Ubicación ES-MaACL
Número de control de estantería E-1481
Holdings
Estatus retirado Estado de pérdida Estado de daño No para préstamo Biblioteca de origen Biblioteca actual Ubicación en estantería Fecha de adquisición Fuente de adquisición Total de préstamos Signatura topográfica completa Código de barras Visto por última vez Precio de reemplazo Tipo de ítem Koha
        Biblioteca del Ateneo de Madrid Biblioteca del Ateneo de Madrid Depósito 2 17/01/2008     E-1481 1039023 23/02/2023 23/02/2023 Libro impreso